书目信息 |
| 题名: |
倍频器与分频器
|
|
| 作者: | 里茨金 , Ризкин 著 ;邓亚桥 译 | |
| 分册: | ||
| 出版信息: | 北京 人民邮电出版社 1982 |
|
| 页数: | 432页 | |
| 开本: | 19cm | |
| 丛书名: | ||
| 单 册: | ||
| 中图分类: | TN77 | |
| 科图分类: | ||
| 主题词: | 倍频器 , 分频器 | |
| 电子资源: | ||
| ISBN: | ||
| 000 | 00936nam0 2200301 45 | |
| 001 | 0182006733 | |
| 005 | 20040514083059.4 | |
| 010 | @dCNY1.40 | |
| 091 | @a15045.总2528-无6159 | |
| 100 | @a19950407d1982 em y0chiy0121 ea | |
| 101 | 1 | @achi@crus |
| 102 | @aCN@b110000 | |
| 105 | @ay z 000yy | |
| 106 | @ar | |
| 200 | 10 | @a倍频器与分频器@Abei pin qi yu fen pin qi@f(苏)里茨金(И.Х.Ризкин)著@g邓亚桥译 |
| 210 | @a北京@c人民邮电出版社@d1982 | |
| 215 | @a432页@d19cm | |
| 300 | @a书名原文:Умножители и делители частоты | |
| 510 | 1 | @aУмножители и делители частоты@zrus |
| 606 | @a倍频器 | |
| 606 | @a分频器 | |
| 690 | @aTN77@v3 | |
| 701 | 1 | @a里茨金@Ali ci jin@bИ.Х.@4著 |
| 701 | A1 | @aРизкин@bИ.Х.@4著 |
| 702 | 0 | @a邓亚桥@Adeng ya qiao@4译 |
| 801 | 0 | @aCN@b上海图书馆@c20040514 |
| 801 | 2 | @aCN@bNLC@c20040514 |
| 905 | @f2@b158914-915@dTN77@e10 | |
| 倍频器与分频器/(苏)里茨金(И.Х.Ризкин)著/邓亚桥译.-北京:人民邮电出版社,1982 |
| 432页;19cm |
| 书名原文:Умножители и делители частоты |
| ISBN :CNY1.40 |
| ● |
| 相关链接 |
|
|
|
|
正题名:倍频器与分频器
索取号:TN77/10
 
预约/预借
| 序号 | 登录号 | 条形码 | 馆藏地/架位号 | 状态 | 备注 |
| 1 | 0158914 | 001320555 | 第三借阅区/ [索取号:TN77/10] | 在馆 | |
| 2 | 0158915 | 001320617 | 密集书库/ [索取号:TN77/10] | 在馆 | |
| 3 | 0158916 | 202122103 | 第二样本阅览室/ [索取号:TN77/10] | 在馆 |